MARC

LEADER 00000nam0a2200000 4500
001 257360
005 20231101233209.0
035 |a (RuTPU)RU\TPU\book\280156 
090 |a 257360 
100 |a 20140416d1972 k y0rusy50 ca 
101 0 |a rus 
102 |a RU 
105 |a a z 001zy 
200 1 |a Аналитические возможности искровой масс-спектрометрии  |f М. С. Чупахин, О. И. Крючкова, Г. И. Ремендик 
210 |a Москва  |c Атомиздат  |d 1972 
215 |a 224 с.  |c ил. 
320 |a Библиография в конце глав. 
606 1 |a Масс-спектрометрия  |2 stltpush  |3 (RuTPU)RU\TPU\subj\73761  |9 86572 
610 1 |a применение 
610 1 |a применение 
610 1 |a вакуумный разряд 
610 1 |a фотоэмульсия 
610 1 |a твердые вещества 
610 1 |a анализ 
610 1 |a примеси 
610 1 |a определение 
610 1 |a микрообразцы 
610 1 |a легкоплавкие металлы 
610 1 |a жидкости 
675 |a 543.51  |v 3 
700 1 |a Чупахин  |b М. С.  |g Михаил Сергеевич 
701 1 |a Крючкова  |b О. И.  |g Ольга Ивановна 
701 1 |a Ремендик  |b Г. И.  |g Григорий Иосифович 
801 1 |a RU  |b 63413507  |c 20140416 
801 2 |a RU  |b 63413507  |c 20181226  |g RCR 
942 |c BK